00751nam a2200253 a 4500001001300000003000900013005001700022008004100039020002300080082001500103100002100118245006400139260003600203300000900239500003500248505001200283650001100295650002200306700002100328902000800349942000700357952011600364999001700480nice12345678IN_TiNIC20260116013646.0050524s1995 newa grp 000 0 eng  a8173043 c45000a297.4bPIN aPinto, Desiderio aPiri-Muridi Relationshipb a Study of the Nizamuddin Dargah aNew Delhi bManohar Pub. c1995 a346p aincludes index and biblioraphy2 aIndices aSufism aNizamuddin-Dargah1 aPinto, Desiderio bSRS cBK 001040708StackRoom-aHMIbHMId2013-03-27g450.00l0o297.4 PINp016766r2013-03-27v450.00w2005-05-24yBK c11842d11842